Statistiques concernant 5 Pays les plus petits dans chaque continent

Cliquez ici pour prendre le quiz!

Statistiques générales

  • Ce quiz a été pris 162 fois
  • Le résultat moyen est 19 sur 30

Statistiques - réponses

ContinentTaillePays% Correct
Europe0,44 km²Vatican
99%
Europe2 km²Monaco
97%
Europe61 km²Saint-Marin
94%
Europe160 km²Liechtenstein
93%
Europe316 km²Malte
81%
Asie710 km²Singapour
72%
Amérique du sud214 969km²Guyana
69%
Amérique du sud163 820km²Suriname
69%
Amérique du sud176 215km²Uruguay
69%
Amérique du sud406 752km²Paraguay
68%
Asie5 765 km²Brunei
67%
Asie758 km²Bahrein
66%
Afrique4 033 km²Cap-Vert
66%
Afrique2 236 km²Comores
66%
Océanie21 km²Nauru
66%
Asie11 586 km²Qatar
66%
Amérique du nord et centrale430 km²Barbade
65%
Amérique du sud283 561km²Équateur
65%
Afrique452 km²Seychelles
65%
Afrique2 040 km²Île Maurice
63%
Amérique du nord et centrale344 km²Grenade
62%
Asie300 km²Maldives
59%
Océanie26 km²Tuvalu
58%
Océanie459 km²Palaos
57%
Océanie181 km²Îles Marshall
56%
Océanie702 km²États Fédérés de Micronésie
54%
Afrique964 km²São Tomé-et-Príncipe
38%
Amérique du nord et centrale442 km²Antigua-et-Barbuda
31%
Amérique du nord et centrale389 km²Saint-Vincent-et-les-Grenadines
26%
Amérique du nord et centrale261 km²Saint-Cristophe-et-Niévès
10%

Distribution des résultats

Percentile par nombre de réponses

% des personnes avec chaque résultat

Votre développement - résultats

Vous n’avez pas pris ce quiz